Nouveau petit Larousse en couleurs

Salvato in:
Dettagli Bibliografici
Natura: Libro
Lingua:francese
Pubblicazione: Paris Librairie Larousse 1971
Tags: Aggiungi Tag
Nessun Tag, puoi essere il primo ad aggiungerne!!

MARC

LEADER 00000nam a2200000 4500
001 c121569
005 20221207070100.6
041 0 |a fre 
044 |a FR 
245 1 0 |a Nouveau petit Larousse en couleurs 
264 1 |a Paris  |b Librairie Larousse  |c 1971 
300 |a 1664 s.